LEADER 01472nam0 22003613i 450 001 BVE0010309 005 20251003044049.0 010 $a8814027188 100 $a20130827d1991 ||||0itac50 ba 101 | $aita 102 $ait 181 1$6z01$ai $bxxxe 182 1$6z01$an 183 1$6z01$anc$2RDAcarrier 200 1 $aReddito dei fabbricati$eformalità e nullità degli atti tra vivi$fGiovanni Santarcangelo 210 $aMilano$cGiuffrè$d1991 215 $aX, 442 p.$d21cm. 225 | $aTeoria e pratica del diritto$i. Sez. 5, Diritto tributario$v13 410 0$1001CFI0042414$12001 $aTeoria e pratica del diritto$i. Sez. 5, Diritto tributario$v13 606 $aContratti immobiliari$2FIR$3CFIC089427$9I 606 $aReddito fondario$2FIR$3LO1C019506$9I 676 $a343.05$9DIRITTO RELATIVO A SPECIFICI TIPI D'IMPOSTA.$v12 676 $a343.4505$9$v21 700 1$aSantarcangelo$b, Giovanni$3CFIV009003$4070$0229775 801 3$aIT$bIT-000000$c20130827 850 $aIT-BN0095 $aIT-NA0438 901 $bNAP 01$cD $n$ 901 $bNAP BD$cSALA D $nComprende monografie, per lo più codici giuridici e operre enciclopediche 912 $aBVE0010309 950 0$aBiblioteca Centralizzata di Ateneo$c1 v.$d 01D (AR) 7 398$e 01AR 0070073985 VMA 1 v.$fY $h20150518$i20150518 977 $a 01$a BD 996 $aReddito dei fabbricati$961134 997 $aUNISANNIO